000 00508nam a2200157 i 4500
001 94607
003 ES-MaACL
007 t|
008 050510s1975 sp ||||1| spa d
100 1 _aLoring, Jorge.
_974220
245 1 0 _aPara salvarte
_b: compendio de las verdades fundamentales de la religión católica y normas paras vivirlas /
_cJorge Loring.
250 _a38ª ed. corr. y aum.
260 _aSantander :
_bSal Terrae,
_c1975.
300 _a510 p. ;
_c16 cm.
852 _aES-MaACL
_jL-4015
_bR.102444
999 _c94607
_d94607